000 00740 a2200193 4500
999 _c10137
_d10137
020 _a9781412961400
020 _a9781412961417
050 0 0 _aLB2806.15 WIL 2009
100 1 _aWiles, Jon.
_eauthor
245 1 0 _aLeading curriculum development /
_cJon Wiles.
264 _aCalifornia :
_bCorwin Press,
_c2009.
300 _aix, 176 p. :
_bill. ;
500 _aCorwin Press a Sage company
504 _aIncludes bibliographical references (p. 173-174) and index.
650 0 _aCurriculum planning.
856 4 1 _3Table of contents only
_uhttp://www.loc.gov/catdir/toc/ecip0818/2008021946.html
942 _2lcc
_cBK
_h2806.15
_iWIL
_kLB